الفكر الصهيوني في مذكرات البرت اينشتاين و أرييل شارون / (Record no. 14272)
[ view plain ]
| 000 -LEADER | |
|---|---|
| fixed length control field | 00983nam a22002057a 4500 |
| 008 - FIXED-LENGTH DATA ELEMENTS--GENERAL INFORMATION | |
| fixed length control field | 100628s2003 ua||||||r||| 000 0cra d |
| 082 ## - DEWEY DECIMAL CLASSIFICATION NUMBER | |
| Edition number | 22 |
| Classification number | 320.54095694 |
| Item number | أ ش ع |
| 100 ## - MAIN ENTRY--PERSONAL NAME | |
| 9 (RLIN) | 15398 |
| Personal name | الأشعل، عبد الله |
| 245 ## - TITLE STATEMENT | |
| Title | الفكر الصهيوني في مذكرات البرت اينشتاين و أرييل شارون / |
| Statement of responsibility, etc | عبد الله الأشعل |
| 260 ## - PUBLICATION, DISTRIBUTION, ETC. (IMPRINT) | |
| Place of publication, distribution, etc | القاهرة: |
| Name of publisher, distributor, etc | مؤسسة الطوبجي ، 2003 |
| Date of publication, distribution, etc | 2003 |
| 300 ## - PHYSICAL DESCRIPTION | |
| Extent | 261 ص ؛ |
| Dimensions | 24 سم |
| 500 ## - GENERAL NOTE | |
| General note | يشتمل على ملحق بالصور |
| 504 ## - BIBLIOGRAPHY, ETC. NOTE | |
| Bibliography, etc | بليوجرافية ص 261 |
| 541 ## - IMMEDIATE SOURCE OF ACQUISITION NOTE | |
| Source of acquisition | ألف باء ؛ |
| 600 ## - SUBJECT ADDED ENTRY--PERSONAL NAME | |
| 9 (RLIN) | 15403 |
| Personal name | أينشتاين، ألبرت |
| Dates associated with a name | 1879-1955 |
| 600 ## - SUBJECT ADDED ENTRY--PERSONAL NAME | |
| 9 (RLIN) | 15405 |
| Personal name | شارون، أرييل |
| Dates associated with a name | 1928- |
| 650 ## - SUBJECT ADDED ENTRY--TOPICAL TERM | |
| 9 (RLIN) | 13307 |
| Topical term or geographic name as entry element | الصهيونية |
| 942 ## - ADDED ENTRY ELEMENTS (KOHA) | |
| Source of classification or shelving scheme | Dewey Decimal Classification |
| Item type | Book - Borrowing |
| Withdrawn status | Item status | Source of classification or shelving scheme | Damaged status | Not for loan | Vendor | Home library | Current library | Shelving location | Date acquired | Source of acquisition | Total Checkouts | Full call number | Barcode | Date last seen | Koha item type |
|---|---|---|---|---|---|---|---|---|---|---|---|---|---|---|---|
| Dewey Decimal Classification | Alef-Baa | Central Library | Central Library | First floor | 28/06/2010 | 320.54095694 الأ | 000021228 | 15/07/2025 | Book - Borrowing |